书目信息 |
| 题名: |
室内设计手绘基础与空间表现
|
|
| 作者: | 王东营 主编 | |
| 分册: | ||
| 出版信息: | 南京 江苏凤凰科学技术出版社 2016.01 |
|
| 页数: | 108页 | |
| 开本: | 25cm | |
| 丛书名: | ||
| 单 册: | ||
| 中图分类: | TU204.11 | |
| 科图分类: | ||
| 主题词: | 室内装饰设计--shi nei zhuang shi she ji--建筑构图--绘画技法 | |
| 电子资源: | ||
| ISBN: | 978-7-5537-5839-8 | |
| 000 | 00913nam0 2200253 450 | |
| 001 | 0100195322 | |
| 005 | 20201116103537.21 | |
| 010 | @a978-7-5537-5839-8@dCNY49.00 | |
| 100 | @a20160125d2016 em y0chiy50 ea | |
| 101 | 0 | @achi |
| 102 | @aCN@b320000 | |
| 105 | @aa z 000yy | |
| 106 | @ar | |
| 200 | 1 | @a室内设计手绘基础与空间表现@Ashi nei she ji shou hui ji chu yu kong jian biao xian@f王东营主编@Fwang dong ying zhu bian |
| 210 | @a南京@c江苏凤凰科学技术出版社@d2016.01 | |
| 215 | @a108页@c图 (部分彩图)@d25cm | |
| 330 | @a本书共分为四章, 主要内容包括: 坚固的地基、“另眼”透视、众多类型的空间色稿及马克笔、SKETCH与局部。 | |
| 540 | @a室内设计手绘基础与空间表现 | |
| 606 | 0 | @a室内装饰设计@Ashi nei zhuang shi she ji@x建筑构图@x绘画技法 |
| 690 | @aTU204.11@v5 | |
| 701 | 0 | @a王东营@Awang dong ying@4主编 |
| 801 | @aCN | |
| 901 | @a19 | |
| 905 | @a河南城建学院图书馆@b1274865-7@dTU204.11@eW158@f3 | |
| 室内设计手绘基础与空间表现/王东营主编.-南京:江苏凤凰科学技术出版社,2016.01 |
| 108页:图 (部分彩图);25cm |
| ISBN 978-7-5537-5839-8:CNY49.00 |
| 本书共分为四章, 主要内容包括: 坚固的地基、“另眼”透视、众多类型的空间色稿及马克笔、SKETCH与局部。 |
| ● |
| 相关链接 |
|
|
|
正题名:室内设计手绘基础与空间表现
索取号:TU204.11/W158
 
预约/预借
| 序号 | 登录号 | 条形码 | 馆藏地/架位号 | 状态 | 备注 |
| 1 | 1274865 | 212748653 | 建筑库101/101建筑库 111排3列2层/ [索取号:TU204.11/W158] | 在馆 | |
| 2 | 1274866 | 212748660 | 建筑库101/101建筑库 12排2列3层/ [索取号:TU204.11/W158] | 在馆 | |
| 3 | 1274867 | 212748677 | 建筑库101/101建筑库 111排3列2层/ [索取号:TU204.11/W158] | 在馆 |